[Event "WchT Seniors 65"]
[Site "Struga"]
[Date "2023.09.27"]
[Round "8.2"]
[White "Kralevski, Aleksander"]
[Black "Dohr, Alexander"]
[Result "0-1"]
[WhiteElo "2054"]
[BlackElo "2104"]
[PlyCount "110"]
[EventDate "2023.09.19"]
[EventType "team-swiss"]
[EventRounds "9"]
[EventCountry "MKD"]
[SourceTitle "EXT 2024"]
[Source "ChessBase"]
[SourceDate "2023.10.10"]
[SourceVersion "1"]
[SourceVersionDate "2023.10.10"]
[SourceQuality "1"]
[WhiteTeam "Macedonia 65"]
[BlackTeam "Austria Steiermark 65"]
[WhiteTeamCountry "MKD"]
[BlackTeamCountry "AUT"]

1. e4 c6 2. d4 d5 3. e5 Bf5 4. Nf3 e6 5. Be2 Nd7 6. 0-0 Ne7 7. Re1 h6 8. Nbd2 Bh7 9. Nf1 Nf5 10. c3 Be7 11. Bd3 c5 12. Ng3 Nxg3 13. Bxh7 Rxh7 14. hxg3 Qb6 15. c4 dxc4 16. d5 exd5 17. Qxd5 Nf8 18. Qxc4 Ne6 19. a3 0-0-0 20. b4 Kb8 21. Be3 Qc6 22. bxc5 Bxc5 23. Rab1 Rhh8 24. Rec1 Rd5 25. Qb3 Qd7 26. Rd1 Rd8 27. Rxd5 Qxd5 28. Bxc5 Nxc5 29. Qc3 b6 30. Rb4 Ne6 31. Rb1 Qc5 32. Qb3 Kb7 33. a4 Rd7 34. Qa2 Qd5 35. Qb2 Rc7 36. Ra1 Rc5 37. Qb1 g6 38. Qb4 Qc4 39. Qd2 h5 40. Qd7+ Rc7 41. Qe8 Qc6 42. Qh8 Qc3 43. Rf1 Qa3 44. Qe8 a6 45. Rd1 Qe7 46. Qh8 Rd7 47. Rc1 Qd8 48. Qh6 Rd1+ 49. Kh2 Rxc1 50. Qxc1 Qd5 51. Qe3 a5 52. Qa3 Nc5 53. Ng5 Qxe5 54. Nxf7 Qf6 55. Qa2 Ne4 0-1

[Event "WchT Seniors 65"]
[Site "Struga"]
[Date "2023.09.22"]
[Round "4.2"]
[White "Binham, Timothy F"]
[Black "Dohr, Alexander"]
[Result "1-0"]
[WhiteElo "2280"]
[BlackElo "2104"]
[PlyCount "69"]
[EventDate "2023.09.19"]
[EventType "team-swiss"]
[EventRounds "9"]
[EventCountry "MKD"]
[SourceTitle "EXT 2024"]
[Source "ChessBase"]
[SourceDate "2023.10.10"]
[SourceVersion "1"]
[SourceVersionDate "2023.10.10"]
[SourceQuality "1"]
[WhiteTeam "Finland 65"]
[BlackTeam "Austria Steiermark 65"]
[WhiteTeamCountry "FIN"]
[BlackTeamCountry "AUT"]

1. e4 c6 2. c4 d5 3. cxd5 cxd5 4. exd5 Nf6 5. Nc3 a6 6. d4 Nxd5 7. Nf3 e6 8. Bd3 Be7 9. 0-0 Nd7 10. Nxd5 exd5 11. Bf4 0-0 12. Rc1 Qb6 13. Qc2 h6 14. Rfe1 Bd6 15. Bxd6 Qxd6 16. Qc7 Qxc7 17. Rxc7 Rd8 18. Bf5 Kf8 19. h4 Rb8 20. Rec1 Nb6 21. Ne5 Bxf5 22. Rxf7+ Kg8 23. Rxf5 Rbc8 24. Rc5 Rxc5 25. dxc5 Nc4 26. Nd3 Nd2 27. f3 a5 28. Kf2 d4 29. c6 bxc6 30. Rxa5 Rd6 31. Rc5 Re6 32. Rc2 Nb1 33. h5 Kf7 34. Nf4 Rf6 35. g3 1-0

[Event "Semriach op 12th"]
[Site "Semriach"]
[Date "2013.04.29"]
[Round "3"]
[White "Dohr, Alexander"]
[Black "Birklbauer, Toni"]
[Result "0-1"]
[WhiteElo "2193"]
[BlackElo "2047"]
[PlyCount "74"]
[EventDate "2013.04.27"]
[EventType "swiss"]
[EventRounds "5"]
[EventCountry "AUT"]
[SourceTitle "CBM 154 Extra"]
[Source "ChessBase"]
[SourceDate "2013.06.25"]
[SourceVersion "2"]
[SourceVersionDate "2013.06.25"]
[SourceQuality "1"]

1. e4 c5 2. Nc3 a6 3. g3 Nc6 4. Bg2 g6 5. Nd5 e6 6. Ne3 Bg7 7. c3 Nge7 8. Ne2 0-0 9. d4 cxd4 10. cxd4 d6 11. 0-0 e5 12. d5 Nd4 13. Nxd4 exd4 14. Nc2 Qb6 15. Rb1 f5 16. Bg5 Rf7 17. Na3 fxe4 18. Bxe4 Bh3 19. Re1 Raf8 20. Qd3 Nc8 21. Nc4 Qa7 22. Bf4 g5 23. Bxh7+ Kh8 24. Qg6 Bf5 25. Qxg5 Bxh7 26. Nxd6 Nxd6 27. Bxd6 d3 28. Re3 Rf5 29. Qg4 Rxf2 30. Bxf8 Rxf8 31. Qe6 Bd4 32. Kg2 d2 33. Rf1 Qc5 34. d6 Qc6+ 35. Kh3 Rxf1 36. d7 Qxe6+ 37. Rxe6 Bb6 0-1

[Event "AUT-chT 0607"]
[Site "Austria"]
[Date "2006.11.05"]
[Round "3"]
[White "Dohr, Alexander"]
[Black "Danner, Georg"]
[Result "0-1"]
[WhiteElo "2147"]
[BlackElo "2426"]
[PlyCount "154"]
[EventDate "2006.11.03"]
[EventType "team"]
[EventRounds "11"]
[EventCountry "AUT"]
[SourceTitle "EXT 2007"]
[Source "ChessBase"]
[SourceDate "2006.11.23"]
[SourceVersion "1"]
[SourceVersionDate "2006.11.23"]
[SourceQuality "1"]
[WhiteTeam "Holz Dohr"]
[BlackTeam "Graz Styria"]
[WhiteTeamCountry "AUT"]
[BlackTeamCountry "AUT"]

1. e4 c5 2. Nc3 Nc6 3. g3 g6 4. d3 Bg7 5. Be3 d6 6. Qd2 e5 7. Bg2 Be6 8. f4 Nge7 9. Nf3 Qd7 10. Ng5 exf4 11. Nxe6 fxe3 12. Nxg7+ Kf8 13. Qxe3 Kxg7 14. 0-0 Rhf8 15. Rf4 f6 16. Raf1 Ne5 17. h3 g5 18. R4f2 Rab8 19. Nd1 b5 20. Qd2 b4 21. Ne3 Qe6 22. b3 a5 23. Kh2 h6 24. Bf3 f5 25. exf5 Nxf5 26. Nxf5+ Rxf5 27. Be4 Rxf2+ 28. Qxf2 Qf7 29. Qe2 Qe7 30. Bg2 Rf8 31. Rxf8 Qxf8 32. Kg1 Qf6 33. Bd5 Qf5 34. Kg2 Kf6 35. Be4 Qe6 36. d4 cxd4 37. Qf2+ Kg7 38. Qxd4 Qe7 39. c3 bxc3 40. Qxc3 Qa7 41. Kf1 Qa6+ 42. Kf2 Qb6+ 43. Ke2 Kf6 44. Qe3 Qb5+ 45. Kd2 d5 46. Bc2 Ke6 47. h4 d4 48. Qe4 Qf1 49. hxg5 hxg5 50. Qe2 Qg1 51. Qa6+ Ke7 52. Qb7+ Kf6 53. Qb6+ Kg7 54. Qc7+ Nf7 55. a4 Qe3+ 56. Kd1 d3 57. Qc3+ Ne5 58. Bxd3 Qxd3+ 59. Qxd3 Nxd3 60. Kd2 Ne5 61. Ke3 Kf6 62. Kd4 Nf3+ 63. Kc5 Ke5 64. Kb6 Nd4 65. Kxa5 Nxb3+ 66. Kb4 Nd4 67. Kc5 g4 68. Kc4 Nf5 69. Kc5 Nxg3 70. a5 Ne4+ 71. Kc6 Nc5 72. Kxc5 g3 73. a6 g2 74. Kc6 g1Q 75. Kb7 Qb1+ 76. Ka8 Kd6 77. a7 Qh7 0-1

[Event "AUT-chT 0405"]
[Site "Austria"]
[Date "2004.11.20"]
[Round "2"]
[White "Dohr, Alexander"]
[Black "Petschar, Kurt"]
[Result "0-1"]
[WhiteElo "2150"]
[BlackElo "2271"]
[PlyCount "138"]
[EventDate "2004.11.19"]
[EventType "team"]
[EventRounds "11"]
[EventCountry "AUT"]
[SourceTitle "EXT 2006"]
[Source "ChessBase"]
[SourceDate "2005.11.24"]
[SourceVersion "1"]
[SourceVersionDate "2005.11.24"]
[SourceQuality "1"]
[WhiteTeam "Holz Dohr"]
[BlackTeam "Klagenfurt"]
[WhiteTeamCountry "AUT"]
[BlackTeamCountry "AUT"]

1. e4 c5 2. Nf3 Nc6 3. d4 cxd4 4. Nxd4 e5 5. Nb3 Nf6 6. Nc3 Bb4 7. Bd3 d5 8. exd5 Nxd5 9. Bd2 Nxc3 10. bxc3 Be7 11. 0-0 0-0 12. Qe2 f5 13. f3 Qc7 14. Kh1 Bd7 15. Rab1 Rae8 16. Bc4+ Kh8 17. Bd5 Bd6 18. Qc4 b6 19. Qh4 Ne7 20. c4 Nxd5 21. cxd5 Qxc2 22. Bb4 Bxb4 23. Qxb4 Qxa2 24. Ra1 Qe2 25. Rfe1 Qb5 26. Qxb5 Bxb5 27. Rxa7 Bc4 28. Nd2 Bxd5 29. Rd7 Rd8 30. Re7 Rfe8 31. Rxe8+ Rxe8 32. Rb1 Re6 33. Rb5 Rd6 34. Kg1 Kg8 35. Kf2 Kf7 36. g4 Bc6 37. Nc4 Rd2+ 38. Nxd2 Bxb5 39. gxf5 Ke7 40. Ke3 Kd6 41. Ne4+ Ke7 42. f4 exf4+ 43. Kxf4 Bc6 44. Nf2 b5 45. Ke5 b4 46. Nd3 b3 47. h4 Bb5 48. Nb2 Kf7 49. Nd1 Bd3 50. Nb2 Bc2 51. Nc4 Ke7 52. Nb2 Kd7 53. Nc4 Kc6 54. Kd4 Kb5 55. Kc3 Kc5 56. Ne3 h6 57. f6 gxf6 58. Ng4 f5 59. Nxh6 f4 60. Ng4 Kd5 61. h5 Ke6 62. h6 Kf7 63. Ne5+ Kg8 64. Nf3 Kh7 65. Nd4 Kxh6 66. Nxc2 Kg5 67. Kd2 Kg4 68. Ke2 Kg3 69. Kf1 Kf3 0-1

[Event "AUT-chT2M 0203"]
[Site "Austria"]
[Date "2002.11.30"]
[Round "4"]
[White "Dohr, Alexander"]
[Black "Aschenbrenner, Robert"]
[Result "0-1"]
[WhiteElo "2161"]
[BlackElo "2230"]
[PlyCount "85"]
[EventDate "2002.10.11"]
[EventType "team"]
[EventRounds "11"]
[EventCountry "AUT"]
[SourceTitle "EXT 2004"]
[Source "ChessBase"]
[SourceDate "2003.11.25"]
[SourceVersion "1"]
[SourceVersionDate "2003.11.25"]
[SourceQuality "1"]

1. e4 e6 2. d4 b6 3. Bd3 Bb7 4. Ne2 c5 5. c3 Nf6 6. Nd2 Be7 7. 0-0 Nc6 8. a3 d5 9. e5 Nd7 10. f4 g6 11. b4 c4 12. Bc2 Qc7 13. a4 0-0-0 14. Ba3 Bf8 15. Nf3 h6 16. g4 Rg8 17. Kh1 f6 18. Ng3 g5 19. b5 gxf4 20. bxc6 Qxc6 21. Nh5 fxe5 22. Nh4 Bxa3 23. Rxa3 Qd6 24. Ra2 Qe7 25. Ng2 exd4 26. cxd4 e5 27. Bf5 Kb8 28. Qd2 Rdf8 29. dxe5 f3 30. Rxf3 Nxe5 31. Rf2 Nxg4 32. Qf4+ Qc7 33. Qxc7+ Kxc7 34. Bxg4 Rxf2 35. Rxf2 Rxg4 36. Nhf4 d4 37. h3 Bxg2+ 38. Nxg2 Re4 39. Rf4 Rxf4 40. Nxf4 d3 41. Nd5+ Kd6 42. Nc3 Ke5 43. Kg2 0-1

[Event "AUT-chT2M 0203"]
[Site "Austria"]
[Date "2002.10.13"]
[Round "3"]
[White "Nickl, Klaus"]
[Black "Dohr, Alexander"]
[Result "1-0"]
[WhiteElo "2203"]
[BlackElo "2161"]
[PlyCount "117"]
[EventDate "2002.10.11"]
[EventType "team"]
[EventRounds "11"]
[EventCountry "AUT"]
[SourceTitle "CBM 090 Extra"]
[Source "ChessBase"]
[SourceDate "2002.11.07"]
[SourceVersion "1"]
[SourceVersionDate "2002.11.07"]
[SourceQuality "1"]

1. d4 e6 2. Nf3 b6 3. e3 Nf6 4. Bd3 Be7 5. 0-0 0-0 6. c4 Bb7 7. Nc3 d5 8. cxd5 exd5 9. b3 Re8 10. Bb2 Ba6 11. Rc1 Bxd3 12. Qxd3 c6 13. Ne2 Bd6 14. Ne5 Qc7 15. f4 Ne4 16. Nc3 Nxc3 17. Qxc3 Rc8 18. Rf3 f6 19. Rg3 fxe5 20. dxe5 Bf8 21. f5 Qe7 22. e6 Na6 23. Qe5 Qc7 24. f6 Qxe5 25. Bxe5 Nc5 26. f7+ Kh8 27. e7 h5 28. exf8Q+ Rxf8 29. Bxg7+ Kh7 30. Bxf8 Rxf8 31. Rf3 Nd3 32. Rc3 Nc5 33. b4 Nd7 34. Rxc6 Ne5 35. Rc7 Nxf3+ 36. gxf3 Kg7 37. Rxa7 Rc8 38. Rd7 Rc3 39. Kf2 Rc2+ 40. Kg3 Re2 41. Rxd5 Rxe3 42. Rf5 Kf8 43. Kh4 Re2 44. Kxh5 Rxh2+ 45. Kg6 Rg2+ 46. Kf6 Rf2 47. Ke6 Re2+ 48. Kf6 Rf2 49. a4 Rf1 50. Ke6 Re1+ 51. Kd6 Rb1 52. Rf4 Rc1 53. Kd5 Rc3 54. Rf6 Ra3 55. Rxb6 Rxa4 56. Ke6 Ra8 57. b5 Rd8 58. Rb7 Ra8 59. Re7 1-0

[Event "AUT-chT2M 0203"]
[Site "Austria"]
[Date "2002.10.11"]
[Round "7"]
[White "Ranegger, Martin"]
[Black "Dohr, Alexander"]
[Result "0-1"]
[WhiteElo "2119"]
[BlackElo "2161"]
[PlyCount "64"]
[EventDate "2002.10.11"]
[EventType "team"]
[EventRounds "11"]
[EventCountry "AUT"]
[SourceTitle "EXT 2004"]
[Source "ChessBase"]
[SourceDate "2003.11.25"]
[SourceVersion "1"]
[SourceVersionDate "2003.11.25"]
[SourceQuality "1"]

1. d4 f5 2. c4 Nf6 3. Nc3 g6 4. Bf4 Bg7 5. e3 d6 6. Nf3 a5 7. Be2 0-0 8. 0-0 Nh5 9. Ne1 Nxf4 10. exf4 Nc6 11. d5 Nd4 12. Nf3 c5 13. dxc6 Nxe2+ 14. Qxe2 bxc6 15. Rfe1 Bf6 16. Rad1 Qb6 17. h4 Kg7 18. Rd3 a4 19. Re3 Ra7 20. h5 Re8 21. hxg6 hxg6 22. Rd1 Rh8 23. Nh2 Rh4 24. g3 Rh7 25. g4 e5 26. Rxd6 exf4 27. Nd5 Qc5 28. Nxf6 fxe3 29. b4 axb3 30. Qb2 exf2+ 31. Kg2 Rxh2+ 32. Kxh2 Qxd6+ 0-1

[Event "AUT-chT2S 0102"]
[Site "Austria"]
[Date "2002.03.17"]
[Round "11.5"]
[White "Kaspret, Guido"]
[Black "Dohr, Alexander"]
[Result "1/2-1/2"]
[WhiteElo "2252"]
[BlackElo "2143"]
[PlyCount "94"]
[EventDate "2001.11.10"]
[EventType "team"]
[EventRounds "11"]
[EventCountry "AUT"]
[SourceTitle "EXT 2003"]
[Source "ChessBase"]
[SourceDate "2002.11.25"]
[SourceVersion "1"]
[SourceVersionDate "2002.11.25"]
[SourceQuality "1"]

1. c4 e6 2. Nf3 d5 3. g3 Nf6 4. Bg2 Be7 5. 0-0 0-0 6. d4 Nbd7 7. Qc2 c6 8. Nbd2 b6 9. e4 dxe4 10. Nxe4 Nxe4 11. Qxe4 Bb7 12. Re1 Re8 13. Ne5 Nxe5 14. dxe5 Bb4 15. Rf1 Rb8 16. Be3 Be7 17. Rfd1 Qc7 18. h4 c5 19. Qf4 Bxg2 20. Kxg2 Red8 21. Qe4 Qb7 22. Rxd8+ Bxd8 23. Qxb7 Rxb7 24. Rd1 Be7 25. h5 Kf8 26. h6 g6 27. Kf3 Ke8 28. Ke4 Rd7 29. Rb1 f5+ 30. exf6 Bxf6 31. b3 Bd4 32. b4 Bxe3 33. Kxe3 Rc7 34. Kd3 Ke7 35. f4 Kd6 36. Kc3 Ke7 37. Re1 Kd6 38. Re5 Rf7 39. Kb3 Rf5 40. bxc5+ bxc5 41. Re3 g5 42. fxg5 Rxg5 43. Ka4 Rg6 44. Kb5 Rxh6 45. Rd3+ Kc7 46. Kxc5 Rh5+ 47. Kb4 Kc6 1/2-1/2

[Event "AUT-chT2S 0102"]
[Site "Austria"]
[Date "2002.02.23"]
[Round "7.5"]
[White "Dohr, Alexander"]
[Black "Mitter, Gerd"]
[Result "1/2-1/2"]
[WhiteElo "2143"]
[BlackElo "2188"]
[PlyCount "89"]
[EventDate "2001.11.10"]
[EventType "team"]
[EventRounds "11"]
[EventCountry "AUT"]
[SourceTitle "EXT 2003"]
[Source "ChessBase"]
[SourceDate "2002.11.25"]
[SourceVersion "1"]
[SourceVersionDate "2002.11.25"]
[SourceQuality "1"]

1. e4 e5 2. Nf3 Nc6 3. Bb5 a6 4. Ba4 Nf6 5. Bxc6 dxc6 6. d3 Bd6 7. Nbd2 Be6 8. Qe2 h6 9. Nc4 Nd7 10. Bd2 Qf6 11. Bc3 Bxc4 12. dxc4 a5 13. 0-0 Nc5 14. b3 Qf4 15. Rfe1 0-0 16. g3 Qg4 17. Rad1 Rfe8 18. Nh4 Qxe2 19. Rxe2 g6 20. a4 b6 21. Ng2 f6 22. f3 Kf7 23. Ne3 Ne6 24. Kg2 Bc5 25. Ng4 h5 26. Nf2 Bxf2 27. Kxf2 Rad8 28. Red2 Rxd2+ 29. Rxd2 Rd8 30. Rxd8 Nxd8 31. Ke3 c5 32. Bd2 Nc6 33. c3 Ke6 34. Kd3 Ne7 35. Kc2 Nc8 36. b4 cxb4 37. cxb4 axb4 38. Bxb4 c5 39. Ba3 Nd6 40. Kd3 Nb7 41. Bb2 Na5 42. f4 Nc6 43. Bc3 g5 44. fxg5 fxg5 45. h3 1/2-1/2

[Event "AUT-chT2S 0102"]
[Site "Austria"]
[Date "2001.11.11"]
[Round "4.6"]
[White "Dohr, Alexander"]
[Black "Rohler, Siegfried"]
[Result "0-1"]
[WhiteElo "2143"]
[BlackElo "2253"]
[PlyCount "105"]
[EventDate "2001.11.10"]
[EventType "team"]
[EventRounds "11"]
[EventCountry "AUT"]
[SourceTitle "EXT 2003"]
[Source "ChessBase"]
[SourceDate "2002.11.25"]
[SourceVersion "1"]
[SourceVersionDate "2002.11.25"]
[SourceQuality "1"]

1. e4 e6 2. d4 d5 3. exd5 exd5 4. Bd3 c5 5. dxc5 Bxc5 6. Ne2 Ne7 7. Ng3 Nbc6 8. 0-0 Be6 9. Nd2 Qd6 10. Nf3 h5 11. Re1 0-0-0 12. Ng5 h4 13. Nf1 Nb4 14. Nxe6 fxe6 15. Qg4 Nxd3 16. cxd3 Nf5 17. Bf4 Qb6 18. Rac1 Kd7 19. d4 Bxd4 20. Rc7+ Qxc7 21. Bxc7 Kxc7 22. Rxe6 Rhf8 23. Re2 Kb8 24. Rd2 Bb6 25. g3 hxg3 26. hxg3 Rd7 27. Kg2 Rdf7 28. Qf4+ Ka8 29. Qb4 Ne7 30. Ne3 Nc6 31. Qd6 Ba5 32. Rxd5 Rxf2+ 33. Kh3 Bb4 34. Qc7 Rxb2 35. Qxg7 Rbf2 36. Rd7 Rb8 37. Nd5 Ba5 38. a3 Ra2 39. Qc3 a6 40. Qe3 Rh8+ 41. Kg4 Rc2 42. Rg7 Rc4+ 43. Kg5 Nd4 44. Qe4 Bd8+ 45. Kg6 Rc6+ 46. Kf7 Nb5 47. Qg4 Nd6+ 48. Ke6 Ne8+ 49. Kf7 Nf6 50. Qd4 Nxd5 51. Rg6 Rh7+ 52. Kg8 Nf6+ 53. Kf8 0-1

[Event "AUT-chT2S 0102"]
[Site "Austria"]
[Date "2001.10.06"]
[Round "1.5"]
[White "Dohr, Alexander"]
[Black "Schein, Karl Heinz"]
[Result "1/2-1/2"]
[WhiteElo "2143"]
[BlackElo "2240"]
[PlyCount "85"]
[EventDate "2001.11.10"]
[EventType "team"]
[EventRounds "11"]
[EventCountry "AUT"]
[SourceTitle "EXT 2003"]
[Source "ChessBase"]
[SourceDate "2002.11.25"]
[SourceVersion "1"]
[SourceVersionDate "2002.11.25"]
[SourceQuality "1"]

1. e4 e6 2. d4 d5 3. Bd3 c5 4. c3 cxd4 5. cxd4 dxe4 6. Bxe4 Nf6 7. Bf3 Nc6 8. Ne2 Be7 9. 0-0 0-0 10. Nbc3 Nb4 11. Nf4 Bd6 12. a3 Bxf4 13. Bxf4 Nbd5 14. Bg5 Qb6 15. Qd2 Bd7 16. Rfe1 Bc6 17. Ne4 Nxe4 18. Bxe4 Rae8 19. Rac1 f6 20. Bh4 Ne7 21. Bb1 Bd5 22. Rc5 Nc6 23. Bg3 Rd8 24. b4 Rd7 25. Qf4 g6 26. h4 Ne7 27. Rec1 Nf5 28. Bxf5 exf5 29. Qh6 Bf7 30. Rc8 Re8 31. Rxe8+ Bxe8 32. Qe3 Bf7 33. Rc8+ Kg7 34. Bf4 h5 35. Bh6+ Kh7 36. Bf8 g5 37. hxg5 fxg5 38. Qxg5 Qg6 39. Qf4 Bd5 40. f3 a6 41. Bc5 Rg7 42. Qh2 Bxf3 43. Rc7 1/2-1/2

[Event "AUT-chT2S 0001"]
[Site "Austria"]
[Date "2000.12.10"]
[Round "6"]
[White "Rohler, Siegfried"]
[Black "Dohr, Alexander"]
[Result "1-0"]
[WhiteElo "2158"]
[BlackElo "2198"]
[PlyCount "96"]
[EventDate "2000.??.??"]
[EventType "team"]
[EventRounds "11"]
[EventCountry "AUT"]
[SourceTitle "EXT 2002"]
[Source "ChessBase"]
[SourceDate "2001.11.25"]
[SourceVersion "1"]
[SourceVersionDate "2001.11.25"]
[SourceQuality "1"]

1. e4 c6 2. d4 d5 3. exd5 cxd5 4. c4 Nf6 5. Nc3 e6 6. Nf3 Be7 7. cxd5 Nxd5 8. Bd3 0-0 9. 0-0 Nc6 10. Re1 Ncb4 11. Bb1 Qc7 12. a3 Nxc3 13. bxc3 Nd5 14. Qd3 g6 15. c4 Nf4 16. Qe3 Nh5 17. Bd3 Re8 18. Bb2 Bf6 19. Ne5 Bxe5 20. dxe5 b6 21. g4 Ng7 22. Qh6 Bb7 23. Re3 Rad8 24. Rh3 Qc6 25. Kf1 Qg2+ 26. Ke1 Qg1+ 27. Kd2 Qxg4 28. Qxh7+ Kf8 29. a4 Ke7 30. Ba3+ Kd7 31. Bd6 Qf4+ 32. Kc3 Nh5 33. Bxg6 Rh8 34. Qxf7+ Qxf7 35. Bxf7 Nf4 36. Rxh8 Rxh8 37. Rd1 Rh3+ 38. Kb2 Nd3+ 39. Ka1 Be4 40. Rg1 Rxh2 41. f3 Bf5 42. Rg8 Rh1+ 43. Ka2 Rh2+ 44. Ka3 Kc6 45. Be8+ Kb7 46. Bb5 a5 47. Rg7+ Kc8 48. Bc6 Nc1 1-0

[Event "AUT-chT2S 9900"]
[Site "Austria"]
[Date "2000.03.19"]
[Round "11.2"]
[White "Pesorda, Ivan"]
[Black "Dohr, Alexander"]
[Result "1/2-1/2"]
[WhiteElo "2180"]
[BlackElo "2193"]
[PlyCount "20"]
[EventDate "1999.10.??"]
[EventType "team"]
[EventRounds "11"]
[EventCountry "AUT"]
[SourceTitle "EXT 2002"]
[Source "ChessBase"]
[SourceDate "2001.11.25"]
[SourceVersion "1"]
[SourceVersionDate "2001.11.25"]
[SourceQuality "1"]

1. d4 d5 2. Nf3 c6 3. c4 Nf6 4. Nc3 e6 5. e3 Nbd7 6. Qc2 Bd6 7. e4 dxe4 8. Nxe4 Nxe4 9. Qxe4 Qa5+ 10. Bd2 Bb4 1/2-1/2

[Event "AUT-chT2S 9900"]
[Site "Austria"]
[Date "2000.03.18"]
[Round "10.6"]
[White "Dohr, Alexander"]
[Black "Brod, Manfred"]
[Result "1/2-1/2"]
[WhiteElo "2193"]
[BlackElo "2223"]
[PlyCount "85"]
[EventDate "1999.10.??"]
[EventType "team"]
[EventRounds "11"]
[EventCountry "AUT"]
[SourceTitle "EXT 2002"]
[Source "ChessBase"]
[SourceDate "2001.11.25"]
[SourceVersion "1"]
[SourceVersionDate "2001.11.25"]
[SourceQuality "1"]

1. e4 e6 2. d4 d5 3. Bd3 dxe4 4. Bxe4 Nf6 5. Bf3 c5 6. Ne2 Nc6 7. Be3 e5 8. Bxc6+ bxc6 9. dxe5 Qxd1+ 10. Kxd1 Ng4 11. Nd2 Nxe5 12. h3 Be7 13. Re1 0-0 14. Nc3 f5 15. Na4 Nd7 16. Bf4 Kf7 17. Nc4 Ba6 18. Nd6+ Kf6 19. c4 Nb6 20. Nxc5 Bxc4 21. Nd7+ Nxd7 22. Nxc4 Bb4 23. Re2 Nb6 24. Be5+ Kf7 25. Ne3 g6 26. Rc1 Rfd8+ 27. Kc2 Nd5 28. Nc4 Be7 29. Kb1 Nb4 30. Bc3 Nd3 31. Rd1 Nf4 32. Ne5+ Kf8 33. Red2 Nxg2 34. Nxc6 Rxd2 35. Bxd2 Bf6 36. Bh6+ Ke8 37. Rg1 Nh4 38. Be3 a6 39. Nb4 Rb8 40. a3 a5 41. Nd3 Nf3 42. Rc1 Ne5 43. Bf4 1/2-1/2

[Event "AUT-chT2S 9900"]
[Site "Austria"]
[Date "2000.02.27"]
[Round "8.6"]
[White "Mahdy, Khaled"]
[Black "Dohr, Alexander"]
[Result "1-0"]
[WhiteElo "2332"]
[BlackElo "2193"]
[PlyCount "69"]
[EventDate "1999.10.??"]
[EventType "team"]
[EventRounds "11"]
[EventCountry "AUT"]
[SourceTitle "EXT 2002"]
[Source "ChessBase"]
[SourceDate "2001.11.25"]
[SourceVersion "1"]
[SourceVersionDate "2001.11.25"]
[SourceQuality "1"]

1. e4 c6 2. d4 d5 3. Nd2 dxe4 4. Nxe4 Bf5 5. Ng3 Bg6 6. h4 h6 7. Nh3 Nf6 8. Nf4 Bh7 9. c3 e6 10. Bd3 Bxd3 11. Nxd3 Bd6 12. Nh5 Nxh5 13. Qxh5 Nd7 14. Qg4 Qf6 15. Rh3 h5 16. Qe4 Qd8 17. Qe2 Qa5 18. Bg5 Qd5 19. Kf1 Nf6 20. Ne5 a6 21. Re1 b5 22. b3 Bxe5 23. dxe5 Ng4 24. Rd3 Qc5 25. Qd2 0-0 26. Rd4 f6 27. b4 Qb6 28. exf6 e5 29. Rd6 gxf6 30. Bxf6 Rxf6 31. Qg5+ Kf7 32. Qxh5+ Ke7 33. Rxf6 Nxf6 34. Qxe5+ Kf7 35. Qe7+ 1-0

[Event "AUT-chT2S 9900"]
[Site "Austria"]
[Date "2000.01.22"]
[Round "5.3"]
[White "Dohr, Alexander"]
[Black "Genser, Harald"]
[Result "0-1"]
[WhiteElo "2193"]
[BlackElo "2160"]
[PlyCount "64"]
[EventDate "1999.10.??"]
[EventType "team"]
[EventRounds "11"]
[EventCountry "AUT"]
[SourceTitle "EXT 2002"]
[Source "ChessBase"]
[SourceDate "2001.11.25"]
[SourceVersion "1"]
[SourceVersionDate "2001.11.25"]
[SourceQuality "1"]

1. e4 c5 2. Nc3 Nc6 3. g3 g6 4. Bg2 Bg7 5. Nge2 d6 6. Nd5 Nf6 7. 0-0 0-0 8. c3 Nxd5 9. exd5 Nb8 10. d4 b6 11. Re1 Nd7 12. Bg5 h6 13. Bf4 Nf6 14. Qd2 Kh7 15. Rad1 c4 16. h3 Bb7 17. Qc2 Bxd5 18. Bxd5 Nxd5 19. h4 h5 20. Bg5 Qd7 21. Kg2 Bh6 22. Qe4 e6 23. Ng1 Bxg5 24. hxg5 Rae8 25. Nf3 Kg7 26. Nh4 Qb5 27. Rd2 Ne7 28. Qf4 Qd5+ 29. Kg1 Nf5 30. Ng2 f6 31. Rde2 fxg5 32. Qxg5 Nxd4 0-1

[Event "AUT-ch"]
[Site "Frohnleiten"]
[Date "2000.??.??"]
[Round "4.35"]
[White "Dohr, Alexander"]
[Black "Herbst, Daniel"]
[Result "1-0"]
[WhiteElo "2177"]
[BlackElo "2090"]
[PlyCount "57"]
[EventDate "2000.08.05"]
[EventType "swiss"]
[EventRounds "9"]
[EventCountry "AUT"]
[SourceTitle "CBM 077 Extra"]
[Source "ChessBase"]
[SourceDate "2000.09.14"]
[SourceVersion "1"]
[SourceVersionDate "2000.09.14"]
[SourceQuality "1"]

1. e4 c5 2. Ne2 d6 3. g3 g6 4. Bg2 Bg7 5. 0-0 Nc6 6. c3 e5 7. Na3 Bg4 8. Nc2 Nge7 9. Ne3 h5 10. h4 Qd7 11. Nxg4 hxg4 12. d3 f5 13. exf5 gxf5 14. d4 f4 15. d5 Nd8 16. gxf4 Rxh4 17. Ng3 Nf7 18. Qd3 0-0-0 19. b4 exf4 20. Bxf4 Ne5 21. Bxe5 Bxe5 22. bxc5 dxc5 23. Rfe1 Bxg3 24. fxg3 Rh5 25. c4 Nf5 26. Re5 Qh7 27. Be4 Rf8 28. Rf1 Kb8 29. Rexf5 1-0

[Event "Frohnleiten op"]
[Site "Frohnleiten"]
[Date "2000.??.??"]
[Round "?"]
[White "Dohr, Alexander"]
[Black "Schrey, Stefan"]
[Result "1-0"]
[WhiteElo "2198"]
[BlackElo "2085"]
[PlyCount "57"]
[EventDate "2000.??.??"]
[EventType "swiss"]
[EventRounds "9"]
[EventCountry "AUT"]
[SourceTitle "EXT 2002"]
[Source "ChessBase"]
[SourceDate "2001.11.25"]
[SourceVersion "1"]
[SourceVersionDate "2001.11.25"]
[SourceQuality "1"]

1. e4 c6 2. Nc3 d5 3. Nf3 Bg4 4. h3 Bxf3 5. Qxf3 e6 6. d3 Nd7 7. Qg3 Qb6 8. Be2 d4 9. Nd1 Ngf6 10. 0-0 e5 11. Kh1 0-0-0 12. Bd2 h5 13. b4 h4 14. Qf3 Bd6 15. a4 Rdg8 16. Nb2 Qd8 17. Nc4 Bc7 18. c3 Qe7 19. a5 Bb8 20. Rfc1 Nh5 21. a6 b6 22. cxd4 exd4 23. Qf5 g6 24. Qb5 c5 25. bxc5 bxc5 26. Bg4 f5 27. Qb7+ Kd8 28. Ba5+ Nb6 29. Qxb8+ 1-0

[Event "AUT-ch"]
[Site "Frohnleiten"]
[Date "2000.??.??"]
[Round "9.31"]
[White "Eichert, Wolfgang"]
[Black "Dohr, Alexander"]
[Result "1/2-1/2"]
[WhiteElo "2079"]
[BlackElo "2177"]
[PlyCount "75"]
[EventDate "2000.08.05"]
[EventType "swiss"]
[EventRounds "9"]
[EventCountry "AUT"]
[SourceTitle "CBM 077 Extra"]
[Source "ChessBase"]
[SourceDate "2000.09.14"]
[SourceVersion "1"]
[SourceVersionDate "2000.09.14"]
[SourceQuality "1"]

1. e4 c6 2. Nc3 d5 3. Nf3 dxe4 4. Nxe4 Bg4 5. Bc4 e6 6. h3 Bxf3 7. Qxf3 Nd7 8. d4 Ngf6 9. Nxf6+ Nxf6 10. c3 Qc7 11. 0-0 Bd6 12. Re1 0-0 13. Bd3 Rfe8 14. Bg5 Nd7 15. Re4 Nf8 16. Rae1 a6 17. h4 c5 18. h5 f5 19. R4e2 c4 20. Bxf5 Qa5 21. d5 e5 22. h6 g6 23. Bh3 Qc7 24. Qf6 Re7 25. Qf3 Rf7 26. Qe4 Rb8 27. Re3 b5 28. Rf3 Rxf3 29. Qxf3 Qf7 30. Qe4 Bc5 31. Bh4 Re8 32. Kh1 g5 33. Qg4 Qxd5 34. Qxg5+ Ng6 35. Bg3 Be7 36. Qe3 Bf8 37. Bf5 Qf7 38. Be4 1/2-1/2